|
|
|
|
| LEADER |
00000nab a2200000 a 4500 |
| 001 |
vtls001031195 |
| 003 |
SK-MaSNL |
| 005 |
20260304225109.0 |
| 008 |
040720e20040122xo 0 slo |
| 035 |
|
|
|a SL9749
|
| 040 |
|
|
|a SLLK
|b slo
|c SLLK
|e AACR2
|
| 041 |
0 |
|
|a slo
|
| 044 |
|
|
|a xo
|c SK
|
| 080 |
|
|
|a 697
|2 1981
|
| 080 |
|
|
|a 725.51
|2 1981
|
| 100 |
0 |
|
|a (MV)
|4 aut
|9 846403
|
| 245 |
1 |
0 |
|a Výmena kotolne si žiada až 25 mil. Sk
|b choré srdce nemocnice môže kedykoľvek vypovedať
|
| 300 |
|
|
|b 1 foto
|
| 610 |
2 |
7 |
|a Nemocnica s poliklinikou (Stará Ľubovňa, Slovensko)
|2 SLLK
|9 59204
|
| 650 |
0 |
7 |
|a kotolne
|2 SLLK
|9 31377
|
| 650 |
0 |
7 |
|a havarijné stavy
|2 SLLK
|9 73177
|
| 650 |
0 |
7 |
|a rekonštrukcie
|2 SLLK
|9 24616
|
| 650 |
0 |
7 |
|a náklady
|2 SLLK
|9 2318
|
| 651 |
|
7 |
|a SL,
|2 SLLK
|9 1022390
|
| 655 |
|
7 |
|a periodikum
|2 snkbucl
|9 29553
|
| 700 |
0 |
|
|a (MV)
|4 fot
|9 846403
|
| 710 |
2 |
|
|a Nemocnica s poliklinikou (Stará Ľubovňa, Slovensko)
|4 aut
|9 59204
|
| 773 |
0 |
8 |
|t Ľubovnianske noviny
|g Roč. 30, č.3, 22.1.2004, s. 1
|
| 852 |
|
|
|a ZVYKNI
|b KIS3GCP
|
| 999 |
|
|
|c 3175643
|d 3177573
|